Normal view
MARC view
- Rouleau, Katherine D.
Entry Personal Name
001 - CONTROL NUMBER
- control field: 126532
003 - CONTROL NUMBER IDENTIFIER
- control field: NUST
005 - DATE AND TIME OF LATEST TRANSACTION
- control field: 20241028144650.0
008 - FIXED-LENGTH DATA ELEMENTS
- fixed length control field: 241028|| aca||aabn | a|a d
040 ## - CATALOGING SOURCE
- Original cataloging agency: NUST
- Transcribing agency: NUST
100 ## - HEADING--PERSONAL NAME
- Personal name: Rouleau, Katherine D.
670 ## - SOURCE DATA FOUND
- Source citation: Work cat.: (NUST)0: Making health systems work in low and middle income countries :
